Entry Nombre personal
001 - NÚMERO DE CONTROL
- campo de control: 125713
003 - IDENTIFICADOR DE NÚMERO DE CONTROL
- campo de control: SpMaBN
005 - FECHA Y HORA DE LA ÚLTIMA TRANSACCIÓN
- campo de control: 20250718060040.0
008 - ELEMENTOS DE DATO DE LONGITUD-FIJA
- campo de control de longitud fija: 011112n| aijnnaabn |a aaa
016 ## - NÚMERO DE CONTROL DE UNA AGENCIA BIBLIOGRÁFICA NACIONAL
- Número de control del registro: BNE20031247914
024 8# - IDENTIFICADOR DE OTROS ESTÁNDARES
- Número estándar o código: https://data.cervantesvirtual.com/person/5527
024 7# - IDENTIFICADOR DE OTROS ESTÁNDARES
- Número estándar o código: http://viaf.org/viaf/2176695/
- Fuente: viaf
024 7# - IDENTIFICADOR DE OTROS ESTÁNDARES
- Número estándar o código: http://www.wikidata.org/entity/Q28758390
- Fuente: wikidata
040 ## - FUENTE DE CATALOGACIÓN
- Centro catalogador/agencia de origen: SpMaBN
- Lengua de catalogación: spa
- Centro/agencia transcriptor: SpMaBN
- Normas de descripción: rdc
- Convención/Normas de encabezamiento de materia/tesauro: embne
046 ## - FECHAS CON CODIFICACIÓN ESPECIAL
- Fecha de nacimiento: 1856
- Fecha de la muerte: 1911
100 1# - ENCABEZAMIENTO-NOMBRE DE PERSONA
- Nombre de persona: Arnedo, Luis,
- Fechas asociadas al nombre: 1856-1911
370 ## - LUGAR ASOCIADO
- Lugar de nacimiento: Almansa, Albacete, España
- Fuente del término: embne
- Fuente del término: embne
370 ## - LUGAR ASOCIADO
- Lugar de fallecimiento: Madrid, España
- Fuente del término: embne
374 ## - OCUPACIÓN
- Ocupación: Compositores
- Ocupación: Pianistas
- Fuente del término: embne
375 ## - GÉNERO/SEXO
- Género: Masculino
400 0# - TRAZADO DE VÉASE--NOMBRE DE PERSONA
- Nombre de persona: Arnedo,
- Fechas asociadas al nombre: 1856-1911
400 1# - TRAZADO DE VÉASE--NOMBRE DE PERSONA
- Nombre de persona: Arnedo, L.,
- Fechas asociadas al nombre: 1856-1911
400 1# - TRAZADO DE VÉASE--NOMBRE DE PERSONA
- Nombre de persona: Arnedo Muñoz, Luis,
- Fechas asociadas al nombre: 1856-1911
400 1# - TRAZADO DE VÉASE--NOMBRE DE PERSONA
- Nombre de persona: Arnedo y Muñoz, Luis,
- Fechas asociadas al nombre: 1856-1911
670 ## - FUENTE DE DATOS ENCONTRADOS
- Cita de la fuente: Dic. de la música española e hispanoamericana, SGAE, 1999
- Información encontrada: (Arnedo Muñoz, Luis; n. Almansa, 30-XI-1856, m. Madrid, 13-II-1911; compositor y pianista)
670 ## - FUENTE DE DATOS ENCONTRADOS
- Cita de la fuente: Ante la tumba de Narciso Serra, 1879
- Información encontrada: port. (melodía por Luis Arnedo)
670 ## - FUENTE DE DATOS ENCONTRADOS
- Cita de la fuente: ¡Ahora sí que va de veras! o Negros y rojos, 1910
- Información encontrada: port. (música de los maestros L. Arnedo y T. San José)
670 ## - FUENTE DE DATOS ENCONTRADOS
- Cita de la fuente: ¡Ahora sí que va de veras! o Negros y rojos, 1910
- Información encontrada: port. (música de Arnedo y San José)
